Plátanos go with everything / (Record no. 384457)
[ view plain ]
| 000 -LEADER | |
|---|---|
| fixed length control field | 01650nam a2200385 i 4500 |
| 001 - CONTROL NUMBER | |
| control field | zcodcb b7654282 |
| 005 - DATE AND TIME OF LATEST TRANSACTION | |
| control field | 20230519161023.0 |
| 007 - PHYSICAL DESCRIPTION FIXED FIELD--GENERAL INFORMATION | |
| fixed length control field | t|| |
| 008 - FIXED-LENGTH DATA ELEMENTS--GENERAL INFORMATION | |
| fixed length control field | 220725s2023 nyua a 000 1 eng d |
| 010 ## - LIBRARY OF CONGRESS CONTROL NUMBER | |
| LC control number | 2022932443 |
| 020 ## - INTERNATIONAL STANDARD BOOK NUMBER | |
| International Standard Book Number | 9780063067516 |
| Qualifying information | hardcover |
| 020 ## - INTERNATIONAL STANDARD BOOK NUMBER | |
| International Standard Book Number | 006306751X |
| Qualifying information | hardcover |
| 040 ## - CATALOGING SOURCE | |
| Original cataloging agency | TnLvILS |
| Language of cataloging | eng |
| Description conventions | rda |
| Transcribing agency | TnLvILS |
| Modifying agency | TnLvILS |
| 092 ## - LOCALLY ASSIGNED DEWEY CALL NUMBER (OCLC) | |
| Classification number | children picture books |
| Item number | Norman |
| 100 1# - MAIN ENTRY--PERSONAL NAME | |
| Personal name | Norman, Lissette, |
| Relator term | author. |
| Relator code | aut. |
| 9 (RLIN) | 6464218 |
| 245 10 - TITLE STATEMENT | |
| Title | Plátanos go with everything / |
| Statement of responsibility, etc | written by Lissette Norman ; illustrated by Sara Palacios. |
| 250 ## - EDITION STATEMENT | |
| Edition statement | First edition. |
| 264 #1 - Production, Publication, Distribution, Manufacture, and Copyright Notice. | |
| Place of production, publication, distribution, manufacture | New York : |
| Name of producer, publisher, distributor, manufacturer | Harper, an imprint of HarperCollinsPublishers, |
| Date of production, publication, distribution, manufacture, or copyr | [2023] |
| 264 #4 - Production, Publication, Distribution, Manufacture, and Copyright Notice. | |
| Date of production, publication, distribution, manufacture, or copyr | 3. |
| 300 ## - PHYSICAL DESCRIPTION | |
| Extent | 1 volume (unpaged) : |
| Other physical details | color illustrations ; |
| Dimensions | 27 cm. |
| 336 ## - Content Type | |
| Content type term | text |
| 336 ## - Content Type | |
| Content type term | still image |
| 337 ## - Media type | |
| Media type term | unmediated |
| 338 ## - Carrier type | |
| Carrier type term | volume |
| 520 ## - SUMMARY, ETC. | |
| Summary, etc | "Plnos are Yesenia's favorite food. They can be sweet and sugary, or salty and savory. And they're a part of almost every meal her Dominican family makes. Stop by her apartment and find out why plnos go with everything--especially love!"--Provided by publisher. |
| 650 #0 - SUBJECT ADDED ENTRY--TOPICAL TERM | |
| Topical term or geographic name as entry element | Plantain bananas |
| Form subdivision | Juvenile fiction. |
| 9 (RLIN) | 6467776 |
| 650 #0 - SUBJECT ADDED ENTRY--TOPICAL TERM | |
| Topical term or geographic name as entry element | Dominican Americans |
| Form subdivision | Juvenile fiction. |
| 9 (RLIN) | 5772121 |
| 650 #0 - SUBJECT ADDED ENTRY--TOPICAL TERM | |
| Topical term or geographic name as entry element | Families |
| Form subdivision | Juvenile fiction. |
| 9 (RLIN) | 5674031 |
| 650 #1 - SUBJECT ADDED ENTRY--TOPICAL TERM | |
| Topical term or geographic name as entry element | Plantain bananas |
| Form subdivision | Fiction. |
| 9 (RLIN) | 6464220 |
| 650 #1 - SUBJECT ADDED ENTRY--TOPICAL TERM | |
| Topical term or geographic name as entry element | Dominican Americans |
| Form subdivision | Fiction. |
| 9 (RLIN) | 6365314 |
| 650 #1 - SUBJECT ADDED ENTRY--TOPICAL TERM | |
| Topical term or geographic name as entry element | Families |
| Form subdivision | Fiction. |
| 9 (RLIN) | 5674501 |
| 655 #7 - INDEX TERM--GENRE/FORM | |
| Genre/form data or focus term | Picture books. |
| Source of term | lcgft. |
| 700 1# - ADDED ENTRY--PERSONAL NAME | |
| Personal name | Palacios, Sara, |
| Relator term | illustrator. |
| 9 (RLIN) | 5975330 |
| 942 ## - ADDED ENTRY ELEMENTS (KOHA) | |
| Source of classification or shelving scheme | Dewey Decimal Classification |
| Koha item type | BOOK |
| Withdrawn status | Lost status | Source of classification or shelving scheme | Damaged status | Not for loan | Collection code | Home library | Current library | Shelving location | Date acquired | Source of acquisition | Total Checkouts | Total Renewals | Full call number | Barcode | Date last seen | Date checked out | Cost, replacement price | Price effective from | Koha item type |
|---|---|---|---|---|---|---|---|---|---|---|---|---|---|---|---|---|---|---|---|
| Dewey Decimal Classification | Children Picture Books | Wasatch County Library | Wasatch County Library | Main Floor Childrens Area | 05/19/2023 | Amazon | 6 | 6 | E Norman | 34301002017228 | 08/18/2025 | 07/17/2025 | 17.99 | 05/19/2023 | BOOK |
